| 000 | 00845nam a2200241 4500 | ||
|---|---|---|---|
| 003 | OSt | ||
| 005 | 20240717023832.0 | ||
| 006 | a | ||
| 008 | 240717b |||||||| |||| 00| 0 eng d | ||
| 020 | _a9780321096913 | ||
| 040 |
_aDWCL-Main lib. _cOC |
||
| 082 | _aCirc. 351.73 C948a 2008 | ||
| 100 | _aCropf, Robert A. | ||
| 245 | _aAmerican Public Administration : public service for the 21st century / | ||
| 260 |
_aN. Y. : _bPearson/Longman, _cc2008. |
||
| 300 |
_axxvi, _b438 p. : ill. ; _c24 cm. |
||
| 504 | _aIncludes bibliographical references & index. | ||
| 650 | _a1. United States-Politics and government. | ||
| 650 | _a2. Public Administration-United States. | ||
| 650 | _a3. Administration agencies-United States-Management. | ||
| 650 | _a4. Executive departments-United States-Management. | ||
| 942 |
_2ddc _n0 _cBK-CIRC _kCirc. |
||
| 999 |
_c2294 _d2294 |
||